| Tag |
First Indicator |
Second Indicator |
Subfields |
| LEADER |
00000cas a2200000 i 4500 |
| 001 |
in00004026607 |
| 005 |
20180613092851.0 |
| 006 |
m o d |
| 007 |
cr ||||||||||| |
| 008 |
160125c20159999cauar oo 0 0eng c |
| 010 |
|
|
|a 2017247759
|
| 035 |
|
|
|a (OCoLC)ocn937600101
|
| 040 |
|
|
|a STF
|b eng
|e rda
|c STF
|d INA
|d OCLCO
|d OCLCF
|d OCLCQ
|d VT2
|d CUS
|d PFM
|d OCLCO
|d COO
|d OCLCO
|d Z5A
|d STF
|d OCLCO
|d OCLCA
|d NLE
|d OCLCA
|d U3W
|d TOH
|d OCLCQ
|d TXA
|
| 015 |
|
|
|a GBB664398
|2 bnb
|
| 019 |
|
|
|a 964860995
|
| 022 |
|
|
|a 2059-5131
|l 2059-5131
|
| 029 |
1 |
|
|a AU@
|b 000057394618
|
| 035 |
|
|
|a (OCoLC)937600101
|z (OCoLC)964860995
|
| 037 |
|
|
|b Sage Publications Ltd., 1 Oliver's Yard, 55 City Rd, London, EC1Y 1SP United Kingdom
|
| 042 |
|
|
|a pcc
|
| 050 |
|
4 |
|a RD96.4
|b .S33 Electronic
|
| 060 |
0 |
0 |
|a W1
|
| 082 |
0 |
4 |
|a 610
|
| 084 |
|
|
|a 610
|2 sdnb
|
| 049 |
|
|
|a TXAM
|
| 210 |
0 |
|
|a Scars, burns heal.
|
| 222 |
|
0 |
|a Scars, burns & healing
|
| 245 |
0 |
0 |
|a Scars, burns & healing.
|
| 246 |
3 |
|
|a Scars, burns and healing
|
| 264 |
|
1 |
|a Thousand Oaks, Calif. :
|b SAGE Publications Ltd.,
|c [2015]-
|
| 300 |
|
|
|a 1 online resource
|
| 310 |
|
|
|a Annual
|
| 336 |
|
|
|a text
|b txt
|2 rdacontent
|
| 337 |
|
|
|a computer
|b c
|2 rdamedia
|
| 338 |
|
|
|a online resource
|b cr
|2 rdacarrier
|
| 362 |
1 |
|
|a Began with: Volume 1 (2015).
|
| 588 |
|
|
|a Description based on: Volume 1 (2015); title from PDF article running title (Sage website, viewed January 25, 2017).
|
| 588 |
|
|
|a Latest issue consulted: Volume 3 (2017) (Sage website, viewed June 13, 2018).
|
| 650 |
|
0 |
|a Burns and scalds
|v Periodicals.
|
| 650 |
|
0 |
|a Scars
|v Periodicals.
|
| 650 |
|
7 |
|a Burns and scalds.
|2 fast
|0 (OCoLC)fst00841926
|
| 650 |
|
7 |
|a Scars.
|2 fast
|0 (OCoLC)fst01106564
|
| 650 |
1 |
2 |
|a Cicatrix
|x therapy.
|
| 650 |
2 |
2 |
|a Burns
|x therapy.
|
| 650 |
2 |
2 |
|a Wound Healing.
|
| 655 |
|
0 |
|a Electronic journals.
|
| 655 |
|
7 |
|a Periodicals.
|2 fast
|0 (OCoLC)fst01411641
|
| 948 |
|
|
|a cataloged
|b h
|c 2018/6/13
|d c
|e spoltoratski
|f 9:28:43 am
|g CF
|
| 994 |
|
|
|a C0
|b TXA
|
| 999 |
f |
f |
|s ec0938f6-a8fc-3ba2-a050-807b6d0cdb3a
|i a9ffff92-2233-3434-85df-2f94b1eef56e
|t 0
|
| 952 |
f |
f |
|a Texas A&M University
|b College Station
|c Electronic Resources
|d Available Online
|t 0
|e RD96.4 .S33
|g Electronic
|h Library of Congress classification
|
| 998 |
f |
f |
|a RD96.4 .S33
|t 0
|l Available Online
|